000
00233 a2200097 4500
001
7047
100
_a
Husain, A
245
_a
Tarikh-e-Ibin-e-Khuldoon(Rasul aur Khulfa-e-Rasul)
260
_a
_b
Nafees Academy
_c
090
_c
5817
_d
5817
942
_a
NUST-CAE
_c
M
_c
32286
999
_c
242120
_d
242120